书目信息 |
| 题名: |
道乐吉学习方法
|
|
| 作者: | 甘华鸣 主编 | |
| 分册: | 大学生版 | |
| 出版信息: | 北京 中国国际广播出版社 2002 |
|
| 页数: | 12,557页 | |
| 开本: | 20cm | |
| 丛书名: | ||
| 单 册: | ||
| 中图分类: | G791 , G642.46 , G642.46 | |
| 科图分类: | ||
| 主题词: | 大学生--学习方法 , 教育--各级 | |
| 电子资源: | ||
| ISBN: | 7-5078-2147-1 | |
| 000 | 00899cam0 2200265 450 | |
| 001 | 1562940068 | |
| 005 | 20150131172929.10 | |
| 010 | @a7-5078-2147-1@dCNY29.80 | |
| 100 | @a20020827d2002 em y0chiy0110 ea | |
| 101 | 0 | @achi |
| 102 | @aCN@b110000 | |
| 105 | @ay z 000yy | |
| 200 | 1 | @a道乐吉学习方法@9dao le ji xue xi fang fa@i大学生版@f甘华鸣主编 |
| 210 | @a北京@c中国国际广播出版社@d2002 | |
| 215 | @a12,557页@d20cm | |
| 300 | @a献给全国1000多万各类大学生的礼物 | |
| 330 | @a本书涉及学习活动的各个层次、各个方面,包容学习方法的基本知识,按照学习方法的内在逻辑安排全书的结构,鲜明地突出学习方法的系统性,以帮助大学生们建立自己的学习方法系统。 | |
| 606 | 0 | @a大学生@x学习方法 |
| 606 | 0 | @a教育@x各级 |
| 690 | @aG791@v5 | |
| 690 | @aG642.46@v5 | |
| 690 | @aG642.46@v4 | |
| 701 | 0 | @a甘华鸣@9gan hua ming@f(1957~)@4主编 |
| 801 | 0 | @aCN@bTSSF@c20150131 |
| 905 | @aZUCC@dG642.46@eJY86 | |
| 道乐吉学习方法.大学生版/甘华鸣主编.-北京:中国国际广播出版社,2002 |
| 12,557页;20cm |
| 献给全国1000多万各类大学生的礼物 |
| ISBN 7-5078-2147-1:CNY29.80 |
| 本书涉及学习活动的各个层次、各个方面,包容学习方法的基本知识,按照学习方法的内在逻辑安排全书的结构,鲜明地突出学习方法的系统性,以帮助大学生们建立自己的学习方法系统。 |
| ● |
| 相关链接 |
|
|
|
|
正题名:道乐吉学习方法
索取号:G642.46/JY86
 
预约/预借
| 序号 | 登录号 | 条形码 | 馆藏地/架位号 | 状态 | 备注 |
| 1 | 7841165 | 278411657 | 学院路分馆/ [索取号:G642.46/JY86] | 在馆 | |
| 2 | 7841166 | 278411666 | 学院路分馆/ [索取号:G642.46/JY86] | 在馆 | |
| 3 | 7841167 | 278411675 | 学院路分馆/ [索取号:G642.46/JY86] | 在馆 | |
| 4 | 7841168 | 278411684 | 学院路分馆/ [索取号:G642.46/JY86] | 在馆 |